LEADER 01956cam0-22004211i-450 001 990004781260403321 005 20210503123104.0 012 $ae-e- s.re o-ex It-v (3) 1590 (R)$2fei$5IT-NA0105 035 $a000478126 035 $aFED01000478126 035 $a(Aleph)000478126FED01 035 $a000478126 100 $a19990604h15901590km-y0itay50------ba 101 0 $alat 102 $aIT 140 $aa-------------------bb0----- 200 1 $aQ. Ennii poetae vetustissimi Quae supersunt fragmenta ab Hieronymo Columna conquisita disposita et explicata ad Ioannem filium 210 $aNeapoli$cex typographia Horatij Saluiani$d1590$eNeapoli$gapud Horatium Saluianum$h1590 215 $a[8], XVI, 26 p., 27-30 c., 31-304, [5], 306-505, [43] p.$d4° 300 $aMarca tipografica: 1.Pellegrino in cammino con il bordone in spalla. Sullo sfondo paesaggio con una costellazione di nove stelle. In cornice. ; Motto: Peregrinus sum a iuventute mea. (Z950) 306 $aMarca (Z950) sul front. 307 $aSegn.: ?-3?? A-C? D? E-2P? ²?² 2Q-3N? 3O² 3P-Y? 3Z?(-3Z1) 316 $aRilegatura rotta e diversi fascc. completamente staccati $5 IT-NA0105 321 1 $aEDIT16,$cCNCE 18094 517 1 $aFragmenta 620 $aItalia.$dNapoli 676 $a873$v22$zita 700 1$aEnnius,$bQuintus$f<239-169 a. C.>$0162470 702 1$aColonna,$bGirolamo$f<1534-1586> 719 00$aSalviani,$gOrazio$4650 801 0$aIT$bUNINA$gRICA$2UNIMARC 856 4 $zVisualizza la versione elettronica in SBNWeb$uhttps://books.google.it/books?id=W-LHrrAWTtgC&printsec=frontcover&hl=it&source=gbs_ge_summary_r&cad=0#v=onepage&q&f=false$e20190506 901 $aAQ 912 $a990004781260403321 952 $aSG 870/B 115$b2551$fFLFBC 959 $aFLFBC 996 $aQ. Ennii poetae vetustissimi Quae supersunt fragmenta ab Hieronymo Columna conquisita disposita et explicata ad Ioannem filium$9559790 997 $aUNINA